| 000 | 00813nam a2200277 a 4500 | ||
|---|---|---|---|
| 001 | 74955 | ||
| 003 | BD-RjUL | ||
| 005 | 20211209082627.0 | ||
| 008 | 181226s1964 nyuab b 001 0 eng | ||
| 020 | _a0471533319 | ||
| 035 | _a(BD-RjUL)75173 | ||
| 040 |
_aDLC _cDLC _dDLC _dBD-RjUL _beng |
||
| 041 | _aeng | ||
| 082 | 0 | 0 |
_223 _a622 _bLEE 1964 |
| 100 | 1 |
_aLewis, Robert Strong, _d1882- _9226443 |
|
| 245 | 1 | 0 |
_aElements of mining / _c[by] Robert S. Lewis. |
| 250 |
_a3d ed. rev., _bby George B. Clark. |
||
| 260 |
_aNew York: _bJ. Wiley, _cc1964 |
||
| 300 |
_axi, 768 p. _billus., maps. _c24 cm. |
||
| 504 | _aIncludes bibliographies. | ||
| 650 | 0 |
_aMining engineering. _9226444 |
|
| 700 | 1 |
_aClark, George Bromley, _d1912- _9226446 |
|
| 942 |
_2ddc _cBK |
||
| 999 |
_c74955 _d74955 |
||